| 000 | 00445nam a2200157 a 4500 | ||
|---|---|---|---|
| 005 | 20140414131918.0 | ||
| 008 | 040603s19uu xx 00 eng d | ||
| 020 | _a1-56144-714-5 | ||
| 050 |
_aER _bM71 1996 |
||
| 245 |
_aMother goose's kitchen / _cillustrated by Tammie Speer-Lyon. |
||
| 260 |
_aNew York : _bModern Publishing, _c1996. |
||
| 300 | _a1 v. : ill. ; cm. | ||
| 440 | _aRead-A-Rhyme | ||
| 650 | _aNursery rhymes. | ||
| 999 |
_c111609 _d111609 |
||